000
00303nam a2200121Ia 4500
008
190216s9999||||xx |||||||||||||| ||und||
100
_a
Shashi K Gupta&Amp;Rosi Joshi
245
0
_a
Security Analysis And Portfolio Management
260
_b
Kalyani Pub
300
_a
422
650
_a
Commerce
942
_c
BK
999
_c
7374
_d
7374